Medzinárodné financie

Gespeichert in:
Bibliographische Detailangaben
1. Verfasser: Jankovská, Anežka
Körperschaft: Ekonomická univerzita v Bratislave. Národohospodárska fakulta
Weitere Verfasser: Kotlebová, Jana, 1969-, Šturc, Boris, 1961-
Format: Buch
Sprache:Slowakisch
Veröffentlicht: Bratislava IURA EDITION 2003
Ausgabe:2. dopl. a preprac. vyd.
Schriftenreihe:Ekonómia
Schlagworte:
Tags: Tag hinzufügen
Keine Tags, Fügen Sie das erste Tag hinzu!

MARC

LEADER 00000nam$a2200000$$$4500
001 0001557
005 20240226122621.2
020 |a 80-89047-56-4 
041 0 |a slo 
044 |a SK 
245 1 0 |a Medzinárodné financie  |c Anežka Jankovská a kolektív 
250 |a 2. dopl. a preprac. vyd. 
264 1 |a Bratislava  |b IURA EDITION  |c 2003 
300 |a 529 s. 
490 1 |a Ekonómia 
830 0 |a Ekonómia 
610 2 0 |a financie medzinárodné 
610 2 0 |a bilancia platobná 
610 2 0 |a kurz menový 
610 2 0 |a trh devízový 
610 2 0 |a trh finančný medzinárodný 
610 2 0 |a investície finančné 
610 2 0 |a investície nepriame zahraničné 
610 2 0 |a expozícia menová 
610 2 0 |a riziko kurzové 
610 2 0 |a systém menový medzinárodný 
610 2 0 |a integrácia menová 
610 2 0 |a likvidita medzinárodná 
610 2 0 |a styk platobný medzinárodný 
610 2 0 |a porovnanie medzinárodné 
100 1 |a Jankovská, Anežka 
700 1 |a Kotlebová, Jana, 1969- 
700 1 |a Šturc, Boris, 1961- 
710 2 |a Ekonomická univerzita v Bratislave. Národohospodárska fakulta